[Event "Lausanne YM 5th"]
[Site "Lausanne"]
[Date "2004.09.18"]
[Round "2.2"]
[White "Lagno, Kateryna"]
[Black "Kosteniuk, Alexandra"]
[Result "1-0"]
[WhiteElo "2472"]
[BlackElo "2511"]
[Annotator "Ftacnik,L"]
[PlyCount "97"]
[EventDate "2004.09.15"]
[EventType "k.o."]
[EventRounds "3"]
[EventCountry "SUI"]
[SourceTitle "CBM 104"]
[Source "ChessBase"]
[SourceDate "2005.01.27"]
[SourceVersion "1"]
[SourceVersionDate "2005.01.27"]
[SourceQuality "1"]

1. e4 c5 2. Nf3 d6 3. d4 cxd4 4. Nxd4 Nf6 5. Nc3 a6 6. Be2 e6 7. O-O Be7 8. f4
Qc7 9. Kh1 Nbd7 10. Bf3 O-O 11. Qe1 Rb8 12. Qg3 Rd8 13. Re1 Nf8 (13... Nb6 $5
14. f5 Nc4 $13) 14. Be3 (14. f5 Kh8 15. Be3 $16) 14... Ne8 {Kosteniuk strives
to play very flexible, but Lahno will find a brave way to punish such
passivity.} (14... Ng6 15. Rad1 b5 16. f5 Ne5 17. Bh6 $14) 15. Nf5 $5 exf5 (
15... Bf6 16. e5 $1 dxe5 17. Nh6+ Kh8 18. fxe5 gxh6 19. exf6 Qxg3 20. hxg3 $16)
16. Nd5 Qd7 17. exf5 Bf6 (17... b5 18. Bd4 Ne6 19. f6 Nxd4 (19... Bf8 20. fxg7
Bxg7 21. Bxg7 N6xg7 22. Rxe8+ Rxe8 23. Nf6+ $18) 20. fxe7 Nf5 21. Qg5 $18) 18.
Ba7 $1 {[%mdl 64] White needed a sharp tactical eye in order to spot a
devastating threat of Rxe8!} (18. Bb6 Bxb2 19. Rab1 Nf6 20. Rxb2 Nxd5 21. Bxd5
Re8 22. Rxe8 Qxe8 23. f6 g6 24. Qh4 $16) 18... Qxf5 (18... Ra8 19. Rxe8 Bxb2
20. Rxd8 Qxd8 21. Bb6 Qd7 22. Rb1 Qb5 23. f6 Ng6 24. Bg1 $18) 19. Bxb8 Be6 20.
Nxf6+ (20. Be4 Qh5 21. Nxf6+ Nxf6 22. Bc7 Nxe4 23. Rxe4 Rd7 24. Bb6 $18) 20...
Qxf6 21. Ba7 Qxb2 22. Qf2 (22. a4 d5 23. a5 Qxc2 24. Rac1 $16) 22... Rc8 23.
Bd4 Qb5 {Black fully understands the misery of her position, but wants to keep
some chances for complicating the play.} (23... Qxc2 24. Re2 Qc7 25. Rae1 $18)
(23... Rxc2 24. Qe3 Qb4 25. a3 Qd2 26. Bxb7 $16) 24. Be4 Nd7 (24... Bd5 25.
Rab1 Qa5 26. Qf3 Bxe4 27. Qxe4 $16) 25. f5 (25. a4 Qc4 26. Bxb7 Rc7 27. Bxa6
Qxa6 28. f5 $18) 25... Bd5 26. a4 (26. Rab1 Qc6 27. Bxd5 Qxd5 28. c4 Qxc4 29.
Rxb7 $16) 26... Qc6 27. Qf3 (27. Bd3 Nef6 28. a5 Ne5 29. Qg3 $16) 27... Bxe4 (
27... Nef6 28. Bxd5 Qxd5 29. Qxd5 Nxd5 30. a5 Rxc2 31. Rab1 Rc7 32. Re8+ Nf8
33. Kg1 $16) 28. Qxe4 Nef6 (28... d5 29. Qf4 Nef6 30. a5 $16) 29. Qxc6 Rxc6 30.
Rab1 {White can fall back on excellent pieces, but her pawns are rather loose.}
(30. Bxf6 Nxf6 31. Re7 Rxc2 32. Rxb7 h6 33. Rb6 $16) 30... b6 31. c3 h5 32. g3
Kf8 (32... Nd5 33. Re8+ Kh7 34. Rd8 N7f6 35. Rf8 Rc7 36. Ra8 a5 37. Bxf6 gxf6
38. Rb5 $16) 33. Kg2 d5 34. Rb4 Ne4 (34... g5 35. fxg6 fxg6 36. h4 Kf7 37. Re2
$16) 35. c4 $1 {Small tactics in the service of high goals, Kosteniuk will not
be able to build up a fortress.} a5 (35... Ndf6 36. a5 bxa5 37. Rb8+ Ke7 38.
cxd5 Rc4 39. Be5 $16) 36. Rb5 Rxc4 37. Rxd5 Ndf6 38. Rd8+ (38. Bxf6 gxf6 39.
Rd8+ Kg7 40. Rb1 Rc2+ $132) 38... Ke7 39. Bxb6 Nd7 (39... Rxa4 40. Rd4 Rxd4 41.
Bxd4 Kd6 42. Ra1 $18) 40. Bxa5 Rxa4 41. Ra8 Rd4 (41... Rc4 42. Bd8+ Kd6 43.
Rd1+ Ke5 44. Rxd7 $18) 42. Bc3 Rc4 43. Bxg7 {White is exchange and pawn up,
the game is over.} f6 44. Ra7 Ke8 (44... Rd4 $2 45. Kf3 $18) 45. Re2 Rd4 (45...
Ne5 46. Bxf6 $18) 46. Bh6 Kd8 47. Bf4 Rc4 48. Ra8+ Ke7 49. Rh8 1-0

[Event "Lausanne YM 5th"]
[Site "Lausanne"]
[Date "2004.09.19"]
[Round "3.1"]
[White "Kosteniuk, Alexandra"]
[Black "Papa, Severin"]
[Result "1/2-1/2"]
[WhiteElo "2511"]
[BlackElo "2397"]
[PlyCount "80"]
[EventDate "2004.09.15"]
[EventType "k.o."]
[EventRounds "3"]
[EventCountry "SUI"]
[SourceTitle "CBM 104"]
[Source "ChessBase"]
[SourceDate "2005.01.27"]
[SourceVersion "1"]
[SourceVersionDate "2005.01.27"]
[SourceQuality "1"]

1. d4 d5 2. Nf3 Nf6 3. c4 c6 4. Nc3 a6 5. Ne5 Nbd7 6. Bf4 dxc4 7. Nxc4 b5 8.
Ne5 Bb7 9. e3 e6 10. Be2 c5 11. O-O cxd4 12. exd4 Bb4 13. a4 Bxc3 14. bxc3 O-O
15. axb5 axb5 16. Rxa8 Bxa8 17. Bxb5 Nxe5 18. dxe5 Nd5 19. Bd2 Qc7 20. Qg4 Qxe5
21. Re1 Qc7 22. Bd3 Rd8 23. Qh3 g6 24. Bf1 Nf4 25. Qe3 e5 26. c4 f6 27. f3 Qd7
28. Bc3 Bc6 29. Qb6 Ra8 30. Ra1 Rxa1 31. Bxa1 Kf7 32. Qe3 Qd1 33. Bc3 g5 34. h3
h5 35. Be1 g4 36. hxg4 hxg4 37. Qd2 Qxd2 38. Bxd2 gxf3 39. Bxf4 fxg2 40. Bxg2
Bxg2 1/2-1/2

[Event "NED-chT 0405"]
[Site "Netherlands"]
[Date "2004.11.06"]
[Round "3.2"]
[White "Kosteniuk, Alexandra"]
[Black "Reinderman, Dimitri"]
[Result "1/2-1/2"]
[WhiteElo "2508"]
[BlackElo "2517"]
[PlyCount "62"]
[EventDate "2004.09.18"]
[EventType "team-tourn"]
[EventRounds "9"]
[EventCountry "NED"]
[SourceTitle "EXT 2014"]
[Source "ChessBase"]
[SourceDate "2013.11.20"]
[SourceVersion "1"]
[SourceVersionDate "2013.11.20"]
[SourceQuality "1"]
[WhiteTeam "Groningen"]
[BlackTeam "Rotterdam"]
[WhiteTeamCountry "NED"]
[BlackTeamCountry "NED"]

1. e4 d5 2. exd5 Qxd5 3. Nc3 Qa5 4. d4 c6 5. Bc4 Bf5 6. Bd2 e6 7. Qe2 Bb4 8.
O-O-O Nf6 9. Nf3 Nbd7 10. Ne5 Nxe5 11. dxe5 Nd5 12. Ne4 Bxd2+ 13. Rxd2 Bxe4 14.
Qxe4 O-O-O 15. Rhd1 Nb6 16. Bb3 Rxd2 17. Rxd2 Rd8 18. Rxd8+ Kxd8 19. c3 Qb5 20.
Kd2 Nd7 21. f4 Qf1 22. g3 g6 23. Qe1 Qg2+ 24. Qe2 Qg1 25. Bd1 h5 26. Kc2 Kc8
27. Qd2 Nb6 28. b3 Nd5 29. Kb2 Qh1 30. Bc2 b5 31. Qe2 Qg1 1/2-1/2

[Event "Olympiad Women-36"]
[Site "Mallorca"]
[Date "2004.10.15"]
[Round "1.1"]
[White "Kosteniuk, Alexandra"]
[Black "Ptacnikova, Lenka"]
[Result "1/2-1/2"]
[WhiteElo "2508"]
[BlackElo "2257"]
[PlyCount "74"]
[EventDate "2004.10.15"]
[EventType "team-swiss"]
[EventRounds "14"]
[EventCountry "ESP"]
[SourceTitle "CBM 102 Extra"]
[Source "ChessBase"]
[SourceDate "2004.11.03"]
[SourceVersion "1"]
[SourceVersionDate "2004.11.03"]
[SourceQuality "1"]
[WhiteTeam "Russia (W)"]
[BlackTeam "Island (W)"]
[WhiteTeamCountry "RUS"]
[BlackTeamCountry "ISL"]

1. d4 Nf6 2. c4 e6 3. Nf3 Bb4+ 4. Bd2 c5 5. Bxb4 cxb4 6. g3 a5 7. Bg2 O-O 8.
Nbd2 d6 9. Nf1 Na6 10. Ne3 Bd7 11. O-O Rc8 12. Qd3 Bc6 13. Rac1 Be4 14. Qd2 Qd7
15. Rfd1 Rc7 16. Bh3 Qe7 17. Ne1 h6 18. f3 Bc6 19. Nd3 b6 20. Ng2 b5 21. b3
bxc4 22. bxc4 e5 23. e4 Ba4 24. Re1 exd4 25. e5 dxe5 26. Rxe5 Qd6 27. Rxa5 Bd7
28. Bxd7 Nxd7 29. Rd5 Qf6 30. Nxb4 Nxb4 31. Qxb4 Ne5 32. Qb3 Nxf3+ 33. Kh1 Ng5
34. Qd3 Nh3 35. Qxd4 Nf2+ 36. Kg1 Nh3+ 37. Kh1 Nf2+ 1/2-1/2

[Event "Olympiad Women-36"]
[Site "Mallorca"]
[Date "2004.10.16"]
[Round "2.1"]
[White "Mamedjarova, Zeinab"]
[Black "Kosteniuk, Alexandra"]
[Result "0-1"]
[WhiteElo "2349"]
[BlackElo "2508"]
[PlyCount "75"]
[EventDate "2004.10.15"]
[EventType "team-swiss"]
[EventRounds "14"]
[EventCountry "ESP"]
[SourceTitle "CBM 102 Extra"]
[Source "ChessBase"]
[SourceDate "2004.11.03"]
[SourceVersion "1"]
[SourceVersionDate "2004.11.03"]
[SourceQuality "1"]
[WhiteTeam "Azerbaijan (W)"]
[BlackTeam "Russia (W)"]
[WhiteTeamCountry "AZE"]
[BlackTeamCountry "RUS"]

1. d4 d5 2. c4 c6 3. e3 Bf5 4. Nc3 e6 5. Nf3 Nd7 6. Bd3 Bxd3 7. Qxd3 Ngf6 8.
O-O Bb4 9. Bd2 Ba5 10. Rab1 O-O 11. b4 Bc7 12. e4 dxc4 13. Qxc4 e5 14. Be3 Nb6
15. Qe2 Ng4 16. Bg5 f6 17. Bh4 exd4 18. Rfd1 Qe8 19. Rxd4 Nxh2 20. Nd2 Be5 21.
Rd3 Rd8 22. Nc4 Rxd3 23. Qxd3 Ng4 24. Nxe5 Nxe5 25. Qe2 Qe7 26. f3 Rd8 27. Bf2
Rd3 28. Qc2 Qd7 29. f4 Ng4 30. Nd5 Nxf2 31. Kxf2 Rd4 32. Nxb6 axb6 33. Ke3 b5
34. a3 h5 35. Qe2 f5 36. Qa2+ Rc4 37. exf5 Qxf5 38. g3 0-1

[Event "Olympiad Women-36"]
[Site "Mallorca"]
[Date "2004.10.19"]
[Round "5.1"]
[White "Zhukova, Natalia"]
[Black "Kosteniuk, Alexandra"]
[Result "0-1"]
[WhiteElo "2481"]
[BlackElo "2508"]
[PlyCount "74"]
[EventDate "2004.10.15"]
[EventType "team-swiss"]
[EventRounds "14"]
[EventCountry "ESP"]
[SourceTitle "CBM 102 Extra"]
[Source "ChessBase"]
[SourceDate "2004.11.03"]
[SourceVersion "1"]
[SourceVersionDate "2004.11.03"]
[SourceQuality "1"]
[WhiteTeam "Ukraine (W)"]
[BlackTeam "Russia (W)"]
[WhiteTeamCountry "UKR"]
[BlackTeamCountry "RUS"]

1. d4 d5 2. c4 e6 3. Nf3 Nf6 4. e3 Nbd7 5. Nbd2 b6 6. Bd3 Bb7 7. O-O Be7 8. Qc2
c5 9. e4 dxe4 10. Nxe4 cxd4 11. Nxd4 Nc5 12. Nxc5 Bxc5 13. Nb3 Bd6 14. Qe2 Qc7
15. f4 O-O 16. Bd2 Rfe8 17. Bc3 e5 18. Qf2 Ne4 19. Bxe4 Bxe4 20. Rad1 f6 21.
Rfe1 exf4 22. Qd4 Rad8 23. Rxe4 Be5 24. Qxd8 Rxd8 25. Rxd8+ Qxd8 26. Bxe5 fxe5
27. Rxe5 Qd1+ 28. Kf2 Qc2+ 29. Re2 Qxc4 30. Rd2 h6 31. Rd4 Qc2+ 32. Rd2 Qe4 33.
Re2 Qc4 34. Rd2 a5 35. Nd4 Qxa2 36. Ne2 Qc4 37. Kf3 Qc6+ 0-1

[Event "Olympiad Women-36"]
[Site "Mallorca"]
[Date "2004.10.20"]
[Round "6.1"]
[White "Kosteniuk, Alexandra"]
[Black "Xie, Jun"]
[Result "0-1"]
[WhiteElo "2508"]
[BlackElo "2569"]
[PlyCount "108"]
[EventDate "2004.10.15"]
[EventType "team-swiss"]
[EventRounds "14"]
[EventCountry "ESP"]
[SourceTitle "CBM 102 Extra"]
[Source "ChessBase"]
[SourceDate "2004.11.03"]
[SourceVersion "1"]
[SourceVersionDate "2004.11.03"]
[SourceQuality "1"]
[WhiteTeam "Russia (W)"]
[BlackTeam "China (W)"]
[WhiteTeamCountry "RUS"]
[BlackTeamCountry "CHN"]

1. e4 e5 2. Nf3 Nc6 3. Bb5 a6 4. Bxc6 dxc6 5. O-O Qd6 6. Na3 Be6 7. Qe2 f6 8.
Rd1 Bg4 9. c3 O-O-O 10. d4 Qe6 11. Nc2 Bd6 12. b4 f5 13. exf5 Qxf5 14. Ne3 Bxf3
15. Qxf3 Qxf3 16. gxf3 exd4 17. Rxd4 Ne7 18. Re4 Nd5 19. Nxd5 cxd5 20. Rg4 Rd7
21. Be3 Rf8 22. Kg2 Rf5 23. Rd1 Rdf7 24. Rgd4 c6 25. c4 Bxb4 26. cxd5 Rxd5 27.
Rxd5 cxd5 28. Rxd5 Kc7 29. Rd4 Bd6 30. Rc4+ Kd7 31. Ra4 g6 32. Bd2 Rf5 33. Rh4
Rh5 34. Rxh5 gxh5 35. Kh3 Ke6 36. Kg2 b5 37. h3 Kd5 38. Kf1 b4 39. Ke2 Kd4 40.
Kd1 Kd3 41. Bg5 a5 42. Kc1 a4 43. Kb1 Bc5 44. Bh4 Bd4 45. Be7 Bc3 46. Bc5 b3
47. axb3 axb3 48. Be3 Bf6 49. Bc1 Ke2 50. f4 Kxf2 51. Bb2 Be7 52. Bg7 Kg3 53.
f5 Kxh3 54. f6 Bxf6 0-1

[Event "Olympiad Women-36"]
[Site "Mallorca"]
[Date "2004.10.24"]
[Round "9.1"]
[White "Kosteniuk, Alexandra"]
[Black "Madl, Ildiko"]
[Result "1-0"]
[WhiteElo "2508"]
[BlackElo "2369"]
[PlyCount "91"]
[EventDate "2004.10.15"]
[EventType "team-swiss"]
[EventRounds "14"]
[EventCountry "ESP"]
[SourceTitle "CBM 102 Extra"]
[Source "ChessBase"]
[SourceDate "2004.11.03"]
[SourceVersion "1"]
[SourceVersionDate "2004.11.03"]
[SourceQuality "1"]
[WhiteTeam "Russia (W)"]
[BlackTeam "Hungary (W)"]
[WhiteTeamCountry "RUS"]
[BlackTeamCountry "HUN"]

1. e4 c5 2. Nf3 d6 3. d4 cxd4 4. Nxd4 Nf6 5. Nc3 Nc6 6. Bg5 e6 7. Qd2 Qb6 8.
Bxf6 gxf6 9. Nb3 a6 10. O-O-O Bd7 11. f4 O-O-O 12. Be2 h5 13. Rhf1 h4 14. Kb1
Kb8 15. Rf3 Bc8 16. Qe1 Be7 17. Rh3 f5 18. exf5 d5 19. fxe6 fxe6 20. Bg4 Rh6
21. Rhd3 Qc7 22. Ne2 Bd6 23. Qd2 Rf6 24. Rf3 Rdf8 25. Rdf1 Bb4 26. Qe3 Bd6 27.
Bh3 Qh7 28. a3 Qc7 29. Qd2 Qf7 30. Nbc1 Qc7 31. Nb3 Qe7 32. Nec1 Qc7 33. Nd3
Qb6 34. Qe1 a5 35. Ne5 a4 36. Nxc6+ Qxc6 37. Nd4 Qb6 38. Nxe6 Bxe6 39. Bxe6
Bxf4 40. Bxd5 Qd6 41. Qe4 Be5 42. Bxb7 Rxf3 43. gxf3 Qc7 44. Bd5 Rf4 45. Qe2
Rf8 46. Qb5+ 1-0

[Event "Olympiad Women-36"]
[Site "Mallorca"]
[Date "2004.10.25"]
[Round "10.1"]
[White "Kosteniuk, Alexandra"]
[Black "Koneru, Humpy"]
[Result "0-1"]
[WhiteElo "2508"]
[BlackElo "2503"]
[PlyCount "86"]
[EventDate "2004.10.15"]
[EventType "team-swiss"]
[EventRounds "14"]
[EventCountry "ESP"]
[SourceTitle "CBM 102 Extra"]
[Source "ChessBase"]
[SourceDate "2004.11.03"]
[SourceVersion "1"]
[SourceVersionDate "2004.11.03"]
[SourceQuality "1"]
[WhiteTeam "Russia (W)"]
[BlackTeam "India (W)"]
[WhiteTeamCountry "RUS"]
[BlackTeamCountry "IND"]

1. e4 c5 2. Nf3 e6 3. d4 cxd4 4. Nxd4 a6 5. Bd3 Nf6 6. O-O Qc7 7. Qe2 d6 8. c4
Be7 9. Nc3 Nbd7 10. f4 O-O 11. Nf3 g6 12. Kh1 Re8 13. Bd2 b6 14. Rae1 Bb7 15.
Ng5 Rad8 16. Bb1 Nh5 17. Nf3 Bf8 18. Rc1 Qb8 19. Qf2 Bg7 20. f5 b5 21. cxb5
axb5 22. fxe6 fxe6 23. Nd4 Ne5 24. Ncxb5 d5 25. Qe2 dxe4 26. Bxe4 Ba6 27. Rc5
Rxd4 28. Bc3 Rdd8 29. a4 Rf8 30. Rxf8+ Rxf8 31. g3 Rc8 32. b4 Nd7 33. Rxc8+
Qxc8 34. Bd2 Nhf6 35. Bg2 Nb6 36. Bh3 Qc6+ 37. Bg2 Qd7 38. Bh3 Qd5+ 39. Bg2 Qf5
40. Bc6 Nxa4 41. Qc4 Nd5 42. Kg2 Nac3 43. Bxd5 exd5 0-1

[Event "Olympiad Women-36"]
[Site "Mallorca"]
[Date "2004.10.27"]
[Round "12.1"]
[White "Muzychuk, Anna"]
[Black "Kosteniuk, Alexandra"]
[Result "0-1"]
[WhiteElo "2383"]
[BlackElo "2508"]
[PlyCount "132"]
[EventDate "2004.10.15"]
[EventType "team-swiss"]
[EventRounds "14"]
[EventCountry "ESP"]
[SourceTitle "CBM 102 Extra"]
[Source "ChessBase"]
[SourceDate "2004.11.03"]
[SourceVersion "1"]
[SourceVersionDate "2004.11.03"]
[SourceQuality "1"]
[WhiteTeam "Slovenia (W)"]
[BlackTeam "Russia (W)"]
[WhiteTeamCountry "SLO"]
[BlackTeamCountry "RUS"]

1. e4 c5 2. b4 cxb4 3. a3 bxa3 4. Nxa3 e6 5. Nf3 Nc6 6. d4 d5 7. e5 a6 8. Bd3
Rb8 9. O-O Nge7 10. c4 dxc4 11. Nxc4 Nd5 12. Ng5 b5 13. Qh5 g6 14. Qf3 Qd7 15.
Nd6+ Bxd6 16. exd6 h6 17. Qh3 Qxd6 18. Ne4 Qc7 19. Qh4 f5 20. Nf6+ Nxf6 21.
Qxf6 Rg8 22. d5 Nb4 23. Qd4 Nxd5 24. Bxh6 Qc3 25. Qxc3 Nxc3 26. Bf4 Rb6 27.
Rfc1 Rc6 28. Be5 b4 29. Bxc3 bxc3 30. Ra3 Rg7 31. Raxc3 Rxc3 32. Rxc3 Kd8 33.
Ra3 Ra7 34. f4 a5 35. Kf2 Bd7 36. Ke3 Ke7 37. Kd4 Kd6 38. h3 a4 39. Bc2 Ra5 40.
g4 e5+ 41. fxe5+ Rxe5 42. gxf5 gxf5 43. h4 Rd5+ 44. Ke3 Ke5 45. h5 Rd4 46. Ke2
Rh4 47. Bd1 Bb5+ 48. Ke1 Kd5 49. Kf2 Kc5 50. Kg3 Rd4 51. Bc2 f4+ 52. Kf3 Bc6+
53. Kg4 f3+ 54. Kg3 f2 55. Ra1 Bb5 56. Kxf2 Rd2+ 57. Kg3 Rxc2 58. h6 Kb4 59. h7
Rc8 60. Rb1+ Ka5 61. Kf4 Rh8 62. Rh1 a3 63. Ke3 a2 64. Ra1 Bc4 65. Kd4 Kb4 66.
Rc1 Bb3 0-1

[Event "BL 0405 (Women)"]
[Site "Germany"]
[Date "2004.12.04"]
[Round "3.3"]
[White "Wagner Michel, Annett"]
[Black "Kosteniuk, Alexandra"]
[Result "0-1"]
[WhiteElo "2142"]
[BlackElo "2511"]
[PlyCount "118"]
[EventDate "2004.11.06"]
[EventType "team-tourn"]
[EventRounds "11"]
[EventCountry "GER"]
[SourceTitle "EXT 2006"]
[Source "ChessBase"]
[SourceDate "2005.11.24"]
[SourceVersion "1"]
[SourceVersionDate "2005.11.24"]
[SourceQuality "1"]
[WhiteTeam "Pankow (W)"]
[BlackTeam "Baden Oos (W)"]
[WhiteTeamCountry "GER"]
[BlackTeamCountry "GER"]

1. e4 c5 2. Nf3 Nc6 3. Bb5 e6 4. O-O Nge7 5. Re1 a6 6. Bf1 Ng6 7. d4 cxd4 8.
Nxd4 Qc7 9. Nxc6 bxc6 10. c4 Be7 11. Nc3 O-O 12. g3 Bb7 13. Bg2 c5 14. f4 f5
15. e5 Bxg2 16. Kxg2 Rae8 17. Qf3 d6 18. exd6 Bxd6 19. Be3 e5 20. Nd5 Qa5 21.
b4 cxb4 22. Bb6 Qa4 23. c5 Bb8 24. Nc7 Bxc7 25. Bxc7 exf4 26. Qb3+ Qxb3 27.
axb3 fxg3 28. hxg3 Rxe1 29. Rxe1 Rc8 30. Bd6 Kf7 31. Ra1 Rc6 32. Ra4 Nf8 33.
Rxb4 Nd7 34. Rb7 Ke6 35. b4 g5 36. Bc7 h6 37. Ra7 Kd5 38. Bd6 Nf6 39. Rf7 Ne4
40. Rxf5+ Kc4 41. Bf8 Kxb4 42. Rf1 a5 43. Rb1+ Kc4 44. Rb6 Kd5 45. g4 a4 46.
Rb4 Rf6 47. Bg7 Rf2+ 48. Kg1 Rf4 49. Rxa4 Rxg4+ 50. Kh2 h5 51. Rd4+ Kxc5 52.
Rd8 h4 53. Be5 Kc6 54. Rd4 Nf2 55. Rd6+ Kc5 56. Rd2 Ne4 57. Rd8 Nf2 58. Bb8 Ra4
59. Rd2 Ne4 0-1

[Event "BL 0405 (Women)"]
[Site "Germany"]
[Date "2004.12.05"]
[Round "4.3"]
[White "Kosteniuk, Alexandra"]
[Black "Helm, Leonie"]
[Result "1-0"]
[WhiteElo "2511"]
[BlackElo "2170"]
[PlyCount "63"]
[EventDate "2004.11.06"]
[EventType "team-tourn"]
[EventRounds "11"]
[EventCountry "GER"]
[SourceTitle "EXT 2006"]
[Source "ChessBase"]
[SourceDate "2005.11.24"]
[SourceVersion "1"]
[SourceVersionDate "2005.11.24"]
[SourceQuality "1"]
[WhiteTeam "Baden Oos (W)"]
[BlackTeam "Hamburg (W)"]
[WhiteTeamCountry "GER"]
[BlackTeamCountry "GER"]

1. e4 c5 2. Nf3 Nc6 3. d4 cxd4 4. Nxd4 Qc7 5. Nc3 e6 6. Be3 a6 7. Qd2 Nf6 8.
O-O-O b5 9. Nxc6 Qxc6 10. f3 Be7 11. g4 d6 12. Kb1 Nd7 13. Bg5 Bxg5 14. Qxg5
O-O 15. Qe7 Ne5 16. Be2 b4 17. Rxd6 Qc5 18. Nd5 Nc6 19. Qc7 exd5 20. Rxc6 Qf2
21. Bd3 Qxf3 22. Rf1 Qxg4 23. exd5 a5 24. Rd6 Qg5 25. Qc5 Qe5 26. Rg1 Bh3 27.
Rh6 Be6 28. Qf2 Bxd5 29. Bxh7+ Kh8 30. Rh3 g5 31. Bf5+ Kg7 32. Rxg5+ 1-0

[Event "Aix en Provence"]
[Site "Aix en Provence"]
[Date "2004.12.11"]
[Round "1.1"]
[White "Kosteniuk, Alexandra"]
[Black "Kazhgaleyev, Murtas"]
[Result "0-1"]
[WhiteElo "2508"]
[BlackElo "2607"]
[PlyCount "46"]
[EventDate "2004.12.08"]
[EventType "k.o. (rapid)"]
[EventRounds "3"]
[EventCountry "FRA"]
[SourceTitle "CBM 103 Extra"]
[Source "ChessBase"]
[SourceDate "2005.01.01"]
[SourceVersion "1"]
[SourceVersionDate "2005.01.01"]
[SourceQuality "1"]

1. e4 e5 2. Nf3 Nc6 3. Bb5 a6 4. Ba4 Nf6 5. O-O b5 6. Bb3 Bc5 7. a4 Rb8 8. axb5
axb5 9. c3 d6 10. d4 Bb6 11. Na3 O-O 12. Nxb5 exd4 13. cxd4 Bg4 14. Ba4 Bxf3
15. gxf3 d5 16. e5 Nh5 17. Be3 Qh4 18. Qd2 Nd8 19. Nc3 Ne6 20. Bc6 Bxd4 21. Ra4
Nhf4 22. Bxf4 Nxf4 23. Kh1 Qh3 0-1

[Event "Corus-B"]
[Site "Wijk aan Zee"]
[Date "2005.01.15"]
[Round "1"]
[White "Kosteniuk, Alexandra"]
[Black "Onischuk, Alexander"]
[Result "1-0"]
[WhiteElo "2490"]
[BlackElo "2652"]
[Annotator "Aagaard,J"]
[PlyCount "227"]
[EventDate "2005.01.15"]
[EventType "tourn"]
[EventRounds "13"]
[EventCountry "NED"]
[EventCategory "13"]
[SourceTitle "CBM 105"]
[Source "ChessBase"]
[SourceDate "2005.04.11"]
[SourceVersion "1"]
[SourceVersionDate "2005.04.11"]
[SourceQuality "1"]

1. e4 e5 2. Nf3 Nc6 3. Bb5 Nf6 4. O-O Bc5 5. c3 O-O 6. d4 Bb6 7. Bg5 h6 8. Bh4
d6 9. Qd3 Bd7 10. Nbd2 a6 11. Bc4 exd4 12. cxd4 g5 13. e5 $5 gxh4 $2 (13... d5
14. Bb3 gxh4 15. exf6 Qxf6 $13) 14. Qg6+ Kh8 15. Qxh6+ Nh7 16. Ne4 f5 (16...
Rg8 17. Nf6 Bf5 (17... Rg7 18. Bd3 $18)) 17. Nfg5 Qe7 18. Nf6 Qg7 19. Qxh7+
Qxh7 20. Ngxh7 Rfd8 21. Ng5 $16 dxe5 22. Nf7+ Kg7 23. dxe5 Nxe5 24. Nh5+ Kg6
25. Nxe5+ Kxh5 26. Be2+ Kg5 27. Nf7+ Kf6 28. Nxd8 Rxd8 29. Rad1 Re8 30. Bf3 Bc8
31. Rfe1 Rg8 32. Bd5 Rh8 33. Bb3 Bc5 34. Rd3 Bd6 35. Bd5 b6 36. g3 Bd7 37. Rf3
Rh5 38. Re4 hxg3 39. hxg3 f4 40. Rfxf4+ Bxf4 41. Rxf4+ Ke7 42. Rd4 c5 43. Rd2
b5 44. f4 c4 45. Kf2 a5 46. Ke3 Rh3 47. Rg2 Rh1 48. a4 b4 49. Bxc4 Bxa4 50. g4
Bc6 51. Rg3 Re1+ 52. Kd2 Rb1 53. b3 a4 54. Re3+ Kf8 55. bxa4 Bxa4 56. Bd3 Rb2+
57. Kc1 Rg2 58. g5 Be8 59. Re6 b3 60. Rb6 Rg4 61. Rf6+ Kg7 62. Bc4 Ba4 63. Bd5
Rg3 64. Kb2 Re3 65. Rb6 Re2+ 66. Ka3 Ra2+ 67. Kb4 Rf2 68. Rb7+ Kg6 69. Be4+ Kh5
70. Rf7 Be8 71. Rf8 b2 72. Kc3 Bg6 73. Rh8+ Kg4 74. Bxg6 Rxf4 75. Kxb2 Kxg5 76.
Bd3 Kf6 77. Re8 Kf7 78. Re3 Kf6 79. Kc3 Rh4 80. Bc4 Kf5 81. Kb4 Kf4 82. Re7 Rh5
83. Kc3 Re5 84. Rf7+ Rf5 85. Re7 Re5 86. Rh7 Re3+ 87. Bd3 Re8 88. Rh4+ Ke3 89.
Rh1 Rc8+ 90. Bc4 Rd8 91. Be6 Rd3+ 92. Kc4 Rd4+ 93. Kc5 Ra4 94. Rh3+ Kf2 95. Bc4
Ra8 96. Kd4 Ra4 97. Rc3 Ra7 98. Ke4 Rh7 99. Rf3+ Kg2 100. Bd5 Rh4+ 101. Ke5 Kg1
102. Be4 Rh2 103. Rf4 Rd2 104. Kf5 Rf2 105. Bf3 Rb2 106. Rh4 Rb8 107. Kf4 Kf2
108. Rh2+ Ke1 109. Be4 Rb3 110. Bf3 Rb4+ 111. Kg3 Rd4 $2 (111... Rb3 $1 $11)
112. Re2+ Kf1 113. Re3 Rd2 114. Ra3 1-0